ბათუმის შოთა რუსთაველის სახელმწიფო უნივერსიტეტის ბიბლიოთეკა

სავარჯიშოებისა და ამოცანების კრებული ფინანსურ აღრიცხვაში : (ბიბ.ჩანაწერი № 61256)

000 -ლიდერი
ფიქსირებული სიგრძის საკონტროლო ველი 01993nam a22002777a 4500
003 - საკონტროლო ნომრის იდენტიფიკატორი
საკონტროლო ველი Ge_BSU
005 - ბოლო ოპერაციის თარიღი და დრო
საკონტროლო ველი 20240115114236.0
008 - ფიქსირებული სიგრძის მონაცემთა ელემენტები - ზოგადი ინფორმაცია
ფიქსირებული სიგრძის საკონტროლო ველი 240115s2002 ge ||||| |||| 00| 0 geo d
020 ## - წიგნის საერთაშორისო სტანდარტული ნომერი
International Standard Book Number 9789941827808
041 ## - ენის კოდი
Language code of text/sound track or separate title geo
080 ## - უნივერსალური ათობითი კლასიფიკაციის ინდექსი
Universal Decimal Classification number 657.15(076) ს-16
245 ## - ცნობა სათაურის შესახებ
Title სავარჯიშოებისა და ამოცანების კრებული ფინანსურ აღრიცხვაში :
Remainder of title სავარჯიშოებისა და ამოცანების კრებული განკუთვნილია უმაღლესი და პროფესიული სასწავლებლების სტუდენტებისა და ამ საკითხებით დაინტერესებულ პირთათვის /
Statement of responsibility, etc ავტორები: ლ. საბაური, ნ. კვატაშიძე, ზ. გოგრიჭიანი [და სხვა]; სამეცნიერო რედაქტორი ლევან საბაური.
264 ## - წარმოების, გამოცემის, დისტრიბუციის და სხვა ცნობები
გამოცემის, წარმოების, დისტრიბუციის... ადგილი თბილისი :
გამოცემის, წარმოების, დისტრიბუციის... სახელწოდება კოლორი,
გამოცემის, წარმოების, დისტრიბუციის... თარიღი 2022.
300 ## - ფიზიკური აღწერა
Extent 520 გვ. :
Other physical details ცხრ. ;
Dimensions 29 სმ.
653 ## - INDEX TERM--UNCONTROLLED
Uncontrolled term ფინანსური აღრიცხვა
653 ## - INDEX TERM--UNCONTROLLED
Uncontrolled term ამოცანები.
700 ## - ADDED ENTRY--PERSONAL NAME
Personal name საბაური, ლ.
Relator term ავტორი
9 (RLIN) 21039
700 ## - ADDED ENTRY--PERSONAL NAME
Personal name კვატაშიძე, ნ.
Relator term ავტორი
9 (RLIN) 14156
700 ## - ADDED ENTRY--PERSONAL NAME
Personal name გოგრიჭიანი, ზ.
Relator term ავტორი
9 (RLIN) 21040
700 ## - ADDED ENTRY--PERSONAL NAME
Personal name ხორავა, ა.
Relator term ავტორი
9 (RLIN) 14157
700 ## - ADDED ENTRY--PERSONAL NAME
Personal name სრესელი, ნ.
Relator term ავტორი
9 (RLIN) 20462
700 ## - ADDED ENTRY--PERSONAL NAME
Personal name ვარდიაშვილი, მ.
Relator term ავტორი
9 (RLIN) 13255
700 ## - ADDED ENTRY--PERSONAL NAME
Personal name მაისურაძე, მ.
Relator term ავტორი
9 (RLIN) 21041
700 ## - ADDED ENTRY--PERSONAL NAME
Personal name საბაური, ლევან
Relator term სამეცნიერო რედაქტორი
9 (RLIN) 14161
942 ## - ADDED ENTRY ELEMENTS (KOHA)
Source of classification or shelving scheme
Koha item type წიგნი
ეგზემპლარები
ჩამოწერის სტატუსი დაკარგული ეგზემპლარის სტატუსი კლასიფიკაციის წყარო ან თაროზე გაწყობის სქემა დაზიანების სტატუსი არ გაიცემა მუდმივი მდებარეობა (დაცვის ადგილი) ამჟამინდელი ადგილსამყოფელი თაროზე განთავსების ადგილი შეძენის თარიღი ღირებულება, შესყიდვის ნორმალური ფასი სრული შენახვის შიფრი შტრიხკოდი ბოლო ოპერაციის თარიღი ეგზემპლარის მიმდევრობითი ნომერი (კეტერი?) ფასის ძალაში შესვლის თარიღი ეგზემპლარის სახეობა საჯარო შენიშვნა
          ბათუმის შოთა რუსთაველის სახელმწიფო უნივერსიტეტის მთავარი ბიბლიოთეკა ბათუმის შოთა რუსთაველის სახელმწიფო უნივერსიტეტის მთავარი ბიბლიოთეკა წიგნსაცავი 2024-01-15 42.00 657.15(076) ს-16 67102 2024-01-15 67102 2024-01-15 წიგნი 42 ლ.
          ბათუმის შოთა რუსთაველის სახელმწიფო უნივერსიტეტის მთავარი ბიბლიოთეკა ბათუმის შოთა რუსთაველის სახელმწიფო უნივერსიტეტის მთავარი ბიბლიოთეკა წიგნსაცავი 2024-01-15 42.00 657.15(076) ს-16 67103 2024-01-15 67103 2024-01-15 წიგნი 42 ლ.
          ბათუმის შოთა რუსთაველის სახელმწიფო უნივერსიტეტის მთავარი ბიბლიოთეკა ბათუმის შოთა რუსთაველის სახელმწიფო უნივერსიტეტის მთავარი ბიბლიოთეკა წიგნსაცავი 2024-01-15 42.00 657.15(076) ს-16 67104 2024-01-15 67104 2024-01-15 წიგნი 42 ლ.
          ბათუმის შოთა რუსთაველის სახელმწიფო უნივერსიტეტის მთავარი ბიბლიოთეკა ბათუმის შოთა რუსთაველის სახელმწიფო უნივერსიტეტის მთავარი ბიბლიოთეკა წიგნსაცავი 2024-01-15 42.00 657.15(076) ს-16 67105 2024-01-15 67105 2024-01-15 წიგნი 42 ლ.
          ბათუმის შოთა რუსთაველის სახელმწიფო უნივერსიტეტის მთავარი ბიბლიოთეკა ბათუმის შოთა რუსთაველის სახელმწიფო უნივერსიტეტის მთავარი ბიბლიოთეკა წიგნსაცავი 2024-01-15 42.00 657.15(076) ს-16 67106 2024-01-15 67106 2024-01-15 წიგნი 42 ლ.
          ბათუმის შოთა რუსთაველის სახელმწიფო უნივერსიტეტის მთავარი ბიბლიოთეკა ბათუმის შოთა რუსთაველის სახელმწიფო უნივერსიტეტის მთავარი ბიბლიოთეკა წიგნსაცავი 2024-01-15 42.00 657.15(076) ს-16 67107 2024-01-15 67107 2024-01-15 წიგნი 42 ლ.
          ბათუმის შოთა რუსთაველის სახელმწიფო უნივერსიტეტის მთავარი ბიბლიოთეკა ბათუმის შოთა რუსთაველის სახელმწიფო უნივერსიტეტის მთავარი ბიბლიოთეკა წიგნსაცავი 2024-01-15 42.00 657.15(076) ს-16 67108 2024-01-15 67108 2024-01-15 წიგნი 42 ლ.
          ბათუმის შოთა რუსთაველის სახელმწიფო უნივერსიტეტის მთავარი ბიბლიოთეკა ბათუმის შოთა რუსთაველის სახელმწიფო უნივერსიტეტის მთავარი ბიბლიოთეკა წიგნსაცავი 2024-01-15 42.00 657.15(076) ს-16 67109 2024-01-15 67109 2024-01-15 წიგნი 42 ლ.
          ბათუმის შოთა რუსთაველის სახელმწიფო უნივერსიტეტის მთავარი ბიბლიოთეკა ბათუმის შოთა რუსთაველის სახელმწიფო უნივერსიტეტის მთავარი ბიბლიოთეკა წიგნსაცავი 2024-01-15 42.00 657.15(076) ს-16 67110 2024-01-15 67110 2024-01-15 წიგნი 42 ლ.
          ბათუმის შოთა რუსთაველის სახელმწიფო უნივერსიტეტის მთავარი ბიბლიოთეკა ბათუმის შოთა რუსთაველის სახელმწიფო უნივერსიტეტის მთავარი ბიბლიოთეკა წიგნსაცავი 2024-01-15 42.00 657.15(076) ს-16 67111 2024-01-15 67111 2024-01-15 წიგნი 42 ლ.